Missing Word: '80s Movies II Quiz Stats

 Plays Quiz Updated Aug 13, 2017

Support Sporcle.
Go Orange.
Score 0/20 Timer 03:00
1 Play Today
Movie Missing Word % Correct
_____ the 13thFriday
97.7%
_____ Who's TalkingLook
97.1%
Lethal _____Weapon
95.5%
_____ DancingDirty
95.4%
_____ Men and a BabyThree
94.5%
_____ of the JediReturn
94.4%
Die _____Hard
94.1%
For Your _____ OnlyEyes
93.9%
Indiana Jones and the Temple of _____Doom
92.5%
Crocodile _____Dundee
91.2%
Movie Missing Word % Correct
Sixteen _____Candles
88.8%
Who _____Roger Rabbit?Framed
88.5%
_____ GunTop
88.4%
Fatal _____Attraction
88.2%
Rain _____Man
87.8%
Terms of _____Endearment
87.6%
A _____ Called WandaFish
83.9%
A Christmas _____Story
82.6%
Good Morning, _____Vietnam
79.9%
The _____ StoryNeverending
30.2%

Today's Daily Dose

You're not logged in!

Compare scores with friends on all Sporcle quizzes.
OR
Log In
Forgot?

From the Vault

Remove Ads.
Support Sporcle.
Get the best of Sporcle when you Go Orange. This ad-free experience offers more features, more stats, and more fun while also helping to support Sporcle. Thank you for becoming a member.

Show Comments

Extras

Top Quizzes Today


Score Distribution

Your Account Isn't Verified!

In order to create a playlist on Sporcle, you need to verify the email address you used during registration. Go to your Sporcle Settings to finish the process.

Report this User

Report this user for behavior that violates our Community Guidelines.

Details: